Word Ladder: How To Make A Good Old-Fashioned Quiz Stats

Quiz Updated Jan 8, 2015

Challenge
Share
Tweet
Embed
Score 0/27 Timer 03:00
0 Plays Today
Hint Three Letter Word % Correct
'___ we there yet?'ARE
97.3%
High cardACE
96.6%
Night before a holidayEVE
96.5%
Contraction of 'I have'IVE
95.1%
Serve it 'on the rocks,' with this:ICE
95.1%
Peron or LongoriaEVA
95%
Historical periodERA
94.7%
Garnish it with a cherry of this color:RED
94%
Fawn's motherDOE
92.6%
Coloring agentDYE
92.3%
Booking for musiciansGIG
91.5%
Alcohol used for a modified Old-FashionedGIN
90.9%
To blunderERR
89.8%
Stimpy's sidekickREN
89.4%
Hint Three Letter Word % Correct
S. Amer. neighbor of Chile (abbreviated)ARG
89.1%
Awesome or coolRAD
89.1%
___ Draper, AMC protagonist who favors Old-FashionedsDON
88.8%
Angry, or with [last rung], AMC show that re-popularized the drinkMAD
88.7%
Corn unitEAR
88.6%
American actress WestMAE
88.5%
Use this type of whiskey for an Old-FashionedRYE
88.3%
Adult males. or with [first rung], AMC show that re-popularized the drinkMEN
87.4%
Loud racketDIN
86.4%
Insurance company bailed out by US governmentAIG
86.1%
Sally Field movie 'Norma ____'RAE
86%
Thick, black liquid made from coalTAR
85.5%
SmidgenTAD
83.5%

Today's Daily Dose

You're not logged in!

Compare scores with friends on all Sporcle quizzes.
Sign Up with Email
OR
Log In

You Might Also Like...

Show Comments

Extras

Top Quizzes Today


Score Distribution

Your Account Isn't Verified!

In order to create a playlist on Sporcle, you need to verify the email address you used during registration. Go to your Sporcle Settings to finish the process.